000 00601cam a22002172a 4500
001 006212
003 AR-FADEU
008 311216n1990####xxu####################dd
020 _a0-00-370257-X
092 _a425
_bC712en
245 _aCOLLINS Cobuild English grammar : helping learners with real english
260 _aLondon
260 _bHaperCollins
260 _c1990
300 _a485 p. : graf., cuad
440 _aCobuild and Bank of english
500 _aIncludes references bibliography
650 _a/LINGUISTICA/INGLES-GRAMATICA/REVISADO/
546 _aInglés
942 _cBDGR
999 _c12032
_d12032